[Event "Regionalliga NW 0910"]
[Site "Bayern"]
[Date "2009.12.13"]
[Round "4.6"]
[White "Markert, Markus"]
[Black "Schmitt, Dieter"]
[Result "0-1"]
[WhiteElo "1881"]
[BlackElo "1941"]
[PlyCount "84"]
[EventDate "2009.10.18"]
[EventType "team-tourn"]
[EventRounds "9"]
[EventCountry "GER"]
[SourceTitle "EXT 2011"]
[Source "ChessBase"]
[SourceDate "2010.11.26"]
[SourceVersion "1"]
[SourceVersionDate "2010.11.26"]
[SourceQuality "1"]
[WhiteTeam "Bad Neustadt"]
[BlackTeam "Obernau"]
[WhiteTeamCountry "GER"]
[BlackTeamCountry "GER"]

1. e4 g6 2. d4 Bg7 3. Nf3 d6 4. Be2 Nc6 5. c3 Bg4 6. Nbd2 e5 7. h3 Bd7 8. Nc4 exd4 9. cxd4 Qe7 10. 0-0 Nh6 11. d5 Nd8 12. Re1 f6 13. e5 fxe5 14. Bg5 Qf7 15. Nfxe5 dxe5 16. Nxe5 Bxe5 17. Bxh6 Qf6 18. f4 Bd4+ 19. Kh1 Nf7 20. Bg4+ Kd8 21. Bg5 Nxg5 22. fxg5 Qg7 23. Bxd7 Kxd7 24. Qg4+ Kd8 25. Re4 Bc5 26. Qe6 Qe7 27. Qg4 Qd7 28. Qf3 Rf8 29. Qe2 a5 30. Re1 Ra6 31. a3 Rb6 32. b4 axb4 33. axb4 Rxb4 34. Ra1 Rxe4 35. Ra8+ Ke7 36. Qxe4+ Kf7 37. Ra5 b6 38. Ra1 Qf5 39. Qc4 Kg7 40. Qc3+ Kg8 41. Qc4 Qf4 42. Qb5 Bd6 0-1

[Event "Regionalliga NW 0809"]
[Site "Bayern"]
[Date "2008.12.14"]
[Round "4.5"]
[White "Schmitt, Dieter"]
[Black "Tiller, Jaroslav"]
[Result "0-1"]
[WhiteElo "1950"]
[BlackElo "2051"]
[PlyCount "50"]
[EventDate "2008.10.05"]
[EventType "team-tourn"]
[EventRounds "9"]
[EventCountry "GER"]
[SourceTitle "EXT 2020"]
[Source "ChessBase"]
[SourceDate "2019.10.17"]
[SourceVersion "1"]
[SourceVersionDate "2019.10.17"]
[SourceQuality "1"]
[WhiteTeam "Obernau"]
[BlackTeam "Bindlach II"]
[WhiteTeamCountry "GER"]
[BlackTeamCountry "GER"]

1. c4 Nf6 2. b3 e5 3. Bb2 Nc6 4. g3 d5 5. Bg2 d4 6. d3 Bc5 7. Nf3 0-0 8. 0-0 Qe7 9. a3 a5 10. Nbd2 h6 11. h3 Bd7 12. Nh2 Bf5 13. g4 Bh7 14. Ne4 Nxe4 15. dxe4 Nd8 16. Qd3 Ne6 17. Bc1 Nf4 18. Bxf4 exf4 19. b4 axb4 20. axb4 Bxb4 21. Qxd4 Rad8 22. Qa7 Bxe4 23. Bxe4 Qxe4 24. Rfb1 Ra8 25. f3 Qc6 0-1

[Event "Regionalliga NW 0809"]
[Site "Bayern"]
[Date "2008.10.26"]
[Round "2.6"]
[White "Kwossek, Georg"]
[Black "Schmitt, Dieter"]
[Result "1-0"]
[WhiteElo "1936"]
[BlackElo "1950"]
[PlyCount "83"]
[EventDate "2008.10.05"]
[EventType "team-tourn"]
[EventRounds "9"]
[EventCountry "GER"]
[SourceTitle "EXT 2020"]
[Source "ChessBase"]
[SourceDate "2019.10.17"]
[SourceVersion "1"]
[SourceVersionDate "2019.10.17"]
[SourceQuality "1"]
[WhiteTeam "Kitzingen"]
[BlackTeam "Obernau"]
[WhiteTeamCountry "GER"]
[BlackTeamCountry "GER"]

1. d4 f5 2. Nf3 g6 3. g3 Bg7 4. Bg2 Nf6 5. 0-0 0-0 6. c4 d6 7. Nc3 h6 8. d5 c5 9. Nd2 Na6 10. e4 Rb8 11. Qe2 e5 12. dxe6 Bxe6 13. a3 Kh7 14. Kh1 Qd7 15. Rd1 f4 16. gxf4 Rbe8 17. e5 Bh3 18. Nde4 Bxg2+ 19. Kxg2 Nh5 20. Rxd6 Qe7 21. Qg4 Qf7 22. Nd5 Nb8 23. e6 Qf5 24. Qxf5 Rxf5 25. Nxc5 g5 26. fxg5 Be5 27. g6+ Kg7 28. Rd7+ Nxd7 29. exd7 Rg8 30. d8Q Rxd8 31. Ne6+ Kxg6 32. Nxd8 Rf8 33. Ne6 Rf7 34. f4 Bd6 35. Bd2 Kf5 36. Re1 a6 37. b4 a5 38. c5 Bb8 39. Kf3 Rd7 40. Nd4+ Kg6 41. Ke4 axb4 42. axb4 1-0

[Event "Regionalliga NW 0102"]
[Site "Bayern"]
[Date "2002.01.20"]
[Round "4.5"]
[White "Schmitt, Dieter"]
[Black "Wilfert, Andre"]
[Result "0-1"]
[WhiteElo "1975"]
[BlackElo "2010"]
[PlyCount "58"]
[EventDate "2001.10.07"]
[EventType "team-tourn"]
[EventRounds "9"]
[EventCountry "GER"]
[SourceTitle "EXT 2003"]
[Source "ChessBase"]
[SourceDate "2002.11.25"]
[SourceVersion "1"]
[SourceVersionDate "2002.11.25"]
[SourceQuality "1"]
[WhiteTeam "Obernau"]
[BlackTeam "Hof"]
[WhiteTeamCountry "GER"]
[BlackTeamCountry "GER"]

1. f4 d5 2. Nf3 Nf6 3. g3 g6 4. Bg2 Bg7 5. 0-0 0-0 6. e3 Bg4 7. Nc3 c6 8. h3 Bxf3 9. Qxf3 Nbd7 10. d3 Qc7 11. Bd2 Rad8 12. g4 Ne8 13. Rae1 f5 14. gxf5 Rxf5 15. e4 dxe4 16. dxe4 Rf8 17. Nd1 Qb6+ 18. Be3 Qa6 19. a3 Ne5 20. Qg3 Nc4 21. Bc1 Qb6+ 22. Kh1 Nf6 23. b4 Nd2 24. Bxd2 Rxd2 25. Qb3+ Kh8 26. f5 Nh5 27. fxg6 Nf4 28. Qg3 Rxg2 29. Qh4 Nxg6 0-1

[Event "Regionalliga NW 0102"]
[Site "Bayern"]
[Date "2001.11.11"]
[Round "2.6"]
[White "Alm, Christopher"]
[Black "Schmitt, Dieter"]
[Result "1/2-1/2"]
[WhiteElo "1960"]
[BlackElo "1975"]
[PlyCount "25"]
[EventDate "2001.10.07"]
[EventType "team-tourn"]
[EventRounds "9"]
[EventCountry "GER"]
[SourceTitle "EXT 2003"]
[Source "ChessBase"]
[SourceDate "2002.11.25"]
[SourceVersion "1"]
[SourceVersionDate "2002.11.25"]
[SourceQuality "1"]
[WhiteTeam "Sand"]
[BlackTeam "Obernau"]
[WhiteTeamCountry "GER"]
[BlackTeamCountry "GER"]

1. Nf3 g6 2. g3 Bg7 3. Bg2 d6 4. c4 e5 5. Nc3 Nc6 6. Rb1 f5 7. d3 Nf6 8. 0-0 0-0 9. b4 h6 10. b5 Ne7 11. a4 Rb8 12. c5 e4 13. cxd6 1/2-1/2